000 00510nam a2200169 i 4500
001 82570
003 ES-MaACL
005 20230906174710.0
007 t|
008 041111s1977 sp ||||1| spa d
245 0 0 _aImperialismo y comercio internacional
_b: (intercambio desigual) /
_cpor Arghiri Emmanuel... [et al.].
250 _a[4ยช ed.].
260 _a[Madrid] :
_bSiglo Veintiuno,
_c[1977]
300 _a249 p. ;
_c18 cm.
700 1 _aEmmanuel, Arghiri.
_947154
852 _aES-MaACL
_jA-7007
_bR.95928
999 _c82570
_d82570